Central Library OPAC University of Rajshahi

মেলা-মোচ্ছব-ধুলোট / (Record no. 81697)

MARC details
000 -LEADER
fixed length control field 00707nam a2200217 a 4500
001 - CONTROL NUMBER
control field 81697
003 - CONTROL NUMBER IDENTIFIER
rucl marc code BD-RjUL
005 - DATE AND TIME OF LATEST TRANSACTION
control field 20230816122044.0
008 - FIXED-LENGTH DATA ELEMENTS--GENERAL INFORMATION
fixed length control field 230816s2013 bg ||||| |||| 00| 0 eng d
035 ## - SYSTEM CONTROL NUMBER
System control number (BD-RjUL)81697
040 ## - CATALOGING SOURCE
Original cataloging agency BD-RjUL
Language of cataloging eng
Transcribing agency BD-RjUL
041 ## - LANGUAGE CODE
Language code of text/sound track or separate title ben
082 ## - DEWEY DECIMAL CLASSIFICATION NUMBER
Edition number 23
Classification number 294.5512
Author mark and year CHM 2013
100 ## - MAIN ENTRY--PERSONAL NAME
Personal name চাকী, লীনা
9 (RLIN) 8261
245 10 - TITLE STATEMENT
Title মেলা-মোচ্ছব-ধুলোট /
Statement of responsibility, etc. লীনা চাকী
260 ## - PUBLICATION, DISTRIBUTION, ETC. (IMPRINT)
Place of publication, distribution, etc. কলকাতা :
Name of publisher, distributor, etc. কারিগর,
Date of publication, distribution, etc. ২০১৩
300 ## - PHYSICAL DESCRIPTION
Pagination ১৬০ পৃ.:
Illustrations চিত্র;
Size ২২ সেমি.
650 ## - SUBJECT ADDED ENTRY--TOPICAL TERM
Topical term or geographic name as entry element বৈষ্ণবধর্ম
9 (RLIN) 8363
Topical term or geographic name as entry element Vaishnavism
9 (RLIN) 8364
942 ## - ADDED ENTRY ELEMENTS (KOHA)
Source of classification or shelving scheme Dewey Decimal Classification
Koha item type Books
Holdings
Lost status Source of classification or shelving scheme Damaged status Not for loan Collection code Permanent Location Current Location Shelving location Date acquired Source of acquisition Cost, normal purchase price Total Checkouts Full call number Date last seen Copy number Koha item type
  Dewey Decimal Classification   Not For Loan Non-fiction Central Library, University of Rajshahi Central Library, University of Rajshahi Reading Room 04/06/2023 Dhaka: Omni Concept 450.00   B 294.5512 CHM 2013 16/08/2023 C-1 Books
  Dewey Decimal Classification     Non-fiction Central Library, University of Rajshahi Central Library, University of Rajshahi General Stacks 04/06/2023 Dhaka: Omni Concept 450.00   B 294.5512 CHM 2013 16/08/2023 C-2 Books
  Dewey Decimal Classification     Non-fiction Central Library, University of Rajshahi Central Library, University of Rajshahi General Stacks 04/06/2023 Dhaka: Omni Concept 450.00   B 294.5512 CHM 2013 16/08/2023 C-3 Books
  Dewey Decimal Classification     Non-fiction Central Library, University of Rajshahi Central Library, University of Rajshahi General Stacks 04/06/2023 Dhaka: Omni Concept 450.00   B 294.5512 CHM 2013 16/08/2023 C-4 Books